Statistics for Metal bands

Click here to take the quiz!

General Stats

  • This quiz has been taken 1,310 times
  • The average score is 19 of 35

Answer Stats

HintAnswer% Correct
Iron Man, War pigsBlack Sabbath
94%
For Whom the Bell Tolls, The Four HorsemenMetallica
94%
Raining Blood, South of heavenSlayer
94%
You Shook Me All Night long, ThunderstruckAC/DC
91%
Aces High, The Number of the BeastIron Maiden
89%
Breakin' the Law, Victims of ChangesJudas Priest
84%
Holy Wars, Countdown to ExtinctionMegadeth
84%
I'm Broken, Cemetery GatesPantera
80%
Feuer Frei!, AmerikaRammstein
78%
Heaven and Hell, Rainbow in the DarkRonnie James Dio
75%
Madhouse, Caught in a MoshAnthrax
74%
Stricken, Down with the SicknessDisturbed
70%
Detroit Rock City, Rock and Roll All NiteKISS
69%
Girls girls girls, Shout at the DevilMotley Crue
68%
Hammer Smashed Face, Make Them SufferCannibal Corpse
64%
Poison, Welcome to My NightmareAlice Cooper
59%
Pour Some Sugar on me, PhotographDef Leppard
59%
Bulls on Parade, Guerilla RadioRage Against the Machine
59%
Tentative, SugarSystem of a Down
56%
Pull Me Under,OctavariumDream Theater
48%
Ratamanhatta, TerritorySepultura
48%
Twisted Transistor, Word Up!Korn
47%
I Stay Away, RoosterAlice in Chains
43%
As The Palaces Burn, RedneckLamb of God
43%
Die for Metal, Swords in the WindManowar
35%
Blood&Thunder, OblivionMastodon
33%
Whorehouse Blues, Rock OutMotorhead
28%
Die Eier von Satan, VicariousTool
28%
Absolute Zero, BotherStone Sour
22%
In This River, StillbornBlack Label Society
21%
Awake, VoodooGodsmack
21%
Whoracle, Ordinary StoryIn Flames
19%
Shed, New Millenium Cyanide ChristMeshuggah
18%
The Dark Ride, If I Could FlyHelloween
16%
Kissing the Shadows, Hate Me!Children of Bodom
13%

Score Distribution

Percentile by Number Answered

Percent of People with Each Score

Your Score History

You have not taken this quiz